A modern contract (Record no. 82808)

MARC details
000 -LEADER
fixed length control field 00835cab a22002415a 4500
001 - CONTROL NUMBER
control field L151501
008 - FIXED-LENGTH DATA ELEMENTS--GENERAL INFORMATION
fixed length control field 101110s2010 xxk f 000 0 eng d
035 ## - SYSTEM CONTROL NUMBER
System control number (Sirsi) u151501
041 0# - LANGUAGE CODE
Language code of text/sound track or separate title eng
100 1# - MAIN ENTRY--PERSONAL NAME
Personal name Lord, W.
245 02 - TITLE STATEMENT
Title A modern contract
Remainder of title developments in the UK and China
260 ## - PUBLICATION, DISTRIBUTION, ETC.
Date of publication, distribution, etc. 2010
490 ## - SERIES STATEMENT
Series statement Proceedings of the Institution of Civil Engineers
-- Management, Procurement and Law
Volume/sequential designation 163(MP4) November 2010, 151-159(9)
520 ## - SUMMARY, ETC.
Summary, etc. Discusses modern contracts; compares and contrasts developments in contracting practices in the Chinese construction industry and the UK construction industry.
590 ## - LOCAL NOTE (RLIN)
Local note KA
651 #4 - SUBJECT ADDED ENTRY--GEOGRAPHIC NAME
Geographic name United Kingdom
Chronological subdivision
651 #4 - SUBJECT ADDED ENTRY--GEOGRAPHIC NAME
Geographic name China
690 ## - LOCAL SUBJECT ADDED ENTRY--TOPICAL TERM (OCLC, RLIN)
Topical term or geographic name as entry element BUILT ENVIRONMENT-BUILDING CONTRACT FORMS
700 1# - ADDED ENTRY--PERSONAL NAME
Personal name Liu, A.
700 1# - ADDED ENTRY--PERSONAL NAME
Personal name Tuuli, M. M.
700 1# - ADDED ENTRY--PERSONAL NAME
Personal name Zhang, S.
942 ## - ADDED ENTRY ELEMENTS (KOHA)
Suppress in OPAC 0
Holdings
Withdrawn status Lost status Source of classification or shelving scheme Damaged status Not for loan Home library Current library Shelving location Date acquired Total Checkouts Full call number Barcode Date last seen Copy number Price effective from Koha item type
    Dewey Decimal Classification     London London Journal article 10/11/2010   L151501 151501-1001 06/08/2019 1 06/08/2019 Journal article